000 00687cam a22002054a 4500
001 12770209
005 20250218133647.0
008 020510s2002 ilu b 001 0 eng
020 _a0830826955 (US : alk. paper)
020 _a0851117821 (UK : alk. paper)
050 0 0 _aBT77
_b.O28 2002
082 0 0 _a230
_221
100 1 _aOlson, Roger E.
245 1 4 _aThe mosaic of Christian belief :
_btwenty centuries of unity and diversity /
_cRoger E. Olson.
260 _aDowners Grove, Ill. :
_bInterVarsity Press ;
_aLeicester, England :
_bApollos,
_cc2002.
300 _a367 p. ;
_c24 cm.
650 0 _aTheology, Doctrinal
_vPopular works.
650 0 _aEvangelicalism.
942 _2lcc
_cBK
_n0
999 _c3945
_d3945